000 00584nam a22001817a 4500
020 _qHard Cover.
082 _a621.3
100 _aMuhammad Waqas Ahmad Kahn
245 _aDESIGN AND TEST OF RECTENNA /
_cMuhammad Waqas Ahmad Kahn.
260 _aIslamabad :
_bSEECS - NUST,
_c2008.
300 _a77 p. : ill. ;
_c30cm.
563 _ahbk
650 _aElectrical Engineering-Project Report.
_930780
700 _aMr. Hasan Raza.
_931179
856 _uhttp://10.250.8.41:8080/xmlui/handle/123456789/9180
942 _2ddc
_cPR
999 _c536211
_d536211